A course of pure mathematics
I tiakina i:
| Kaituhi matua: | |
|---|---|
| Hōputu: | Pukapuka |
| Reo: | Ingarihi |
| I whakaputaina: |
Cambridge
Cambridge University Press
1941
|
| Putanga: | 8a. ed |
| Ngā marau: | |
| Ngā Tūtohu: |
Tāpirihia he Tūtohu
Kāore He Tūtohu, Me noho koe te mea tuatahi ki te tūtohu i tēnei pūkete!
|
MARC
| LEADER | 00000cam a2200000 a 4500 | ||
|---|---|---|---|
| 001 | UCW1225 | ||
| 003 | CL-VaPUC | ||
| 008 | 911213e19410000UK |||||||||||||||||eng|d | ||
| 082 | 0 | 4 | |a 515 |b HAR |2 21 |
| 100 | |a Hardy, Godfrey Harold |e author |9 424113 | ||
| 245 | 1 | 2 | |a A course of pure mathematics |
| 250 | |a 8a. ed | ||
| 300 | |a 503 p | ||
| 942 | |c BK | ||
| 945 | |d 19911213 00:00:00 | ||
| 260 | |a Cambridge |b Cambridge University Press |c 1941 | ||
| 650 | 0 | |a Cálculo |9 260234 | |
| 650 | 0 | |a Funciones |9 263869 | |
| 583 | |a last modification |c 20120822 01:53:45 |k Rodrigo Vera | ||
| 999 | |c 216144 |d 216142 | ||
| 952 | |0 0 |1 0 |4 0 |6 515_000000000000000_HAR_1941 |7 0 |8 A |9 201631 |a BIBMAT |b BIBMAT |d 2019-11-14 |i 2688883 |o 515 HAR 1941 |p 2688883 |r 2025-01-07 |w 2019-11-14 |y BK |k MAT | ||
| 952 | |0 0 |1 0 |4 0 |6 515_000000000000000_HAR_1941 |7 0 |8 A |9 201632 |a BIBMAT |b BIBMAT |d 2019-11-14 |i 4889274 |o 515 HAR 1941 |p 4889274 |r 2025-01-07 |w 2019-11-14 |y BK |k MAT | ||